<?xml version="1.0" encoding="UTF-8"?>
<record
    xmlns:xsi="http://www.w3.org/2001/XMLSchema-instance"
    xsi:schemaLocation="http://www.loc.gov/MARC21/slim http://www.loc.gov/standards/marcxml/schema/MARC21slim.xsd"
    xmlns="http://www.loc.gov/MARC21/slim">

  <leader>02105nam a22002895a 4500</leader>
  <controlfield tag="003">OSt</controlfield>
  <controlfield tag="005">20160918143523.0</controlfield>
  <controlfield tag="008">160918s2010    ua     frb    000 0 ara d</controlfield>
  <datafield tag="015" ind1=" " ind2=" ">
    <subfield code="a">2009/13973</subfield>
  </datafield>
  <datafield tag="020" ind1=" " ind2=" ">
    <subfield code="a">9774221540</subfield>
  </datafield>
  <datafield tag="040" ind1=" " ind2=" ">
    <subfield code="a">EG-ScBUE</subfield>
    <subfield code="b">ara</subfield>
    <subfield code="c">EG-ScBUE</subfield>
  </datafield>
  <datafield tag="082" ind1="0" ind2="4">
    <subfield code="a">343.09944</subfield>
    <subfield code="b">&#x625; &#x628; &#x631;</subfield>
    <subfield code="2">22</subfield>
  </datafield>
  <datafield tag="100" ind1="1" ind2=" ">
    <subfield code="a">&#x625;&#x628;&#x631;&#x627;&#x647;&#x64A;&#x645;&#x60C; &#x62E;&#x627;&#x644;&#x62F; &#x645;&#x645;&#x62F;&#x648;&#x62D;&#x200F;.</subfield>
    <subfield code="9">41109</subfield>
  </datafield>
  <datafield tag="245" ind1="1" ind2="4">
    <subfield code="a">&#x627;&#x644;&#x62A;&#x648;&#x642;&#x64A;&#x639; &#x627;&#x644;&#x625;&#x644;&#x643;&#x62A;&#x631;&#x648;&#x646;&#x64A; /</subfield>
    <subfield code="c">&#x62E;&#x627;&#x644;&#x62F; &#x645;&#x645;&#x62F;&#x648;&#x62D; &#x625;&#x628;&#x631;&#x627;&#x647;&#x64A;&#x645;.</subfield>
  </datafield>
  <datafield tag="250" ind1=" " ind2=" ">
    <subfield code="a">&#x637;. 1.</subfield>
  </datafield>
  <datafield tag="260" ind1=" " ind2=" ">
    <subfield code="a">&#x627;&#x644;&#x625;&#x633;&#x643;&#x646;&#x62F;&#x631;&#x64A;&#x629; :</subfield>
    <subfield code="b">&#x627;&#x644;&#x62F;&#x627;&#x631; &#x627;&#x644;&#x62C;&#x627;&#x645;&#x639;&#x64A;&#x629;&#x60C;</subfield>
    <subfield code="c">2010.</subfield>
  </datafield>
  <datafield tag="300" ind1=" " ind2=" ">
    <subfield code="a">514 &#x635;. &#x61B;</subfield>
    <subfield code="c">24 &#x633;&#x645;.</subfield>
  </datafield>
  <datafield tag="500" ind1=" " ind2=" ">
    <subfield code="a">&#x64A;&#x634;&#x62A;&#x645;&#x644; &#x639;&#x644;&#x649; &#x645;&#x644;&#x627;&#x62D;&#x642;.</subfield>
  </datafield>
  <datafield tag="504" ind1=" " ind2=" ">
    <subfield code="a">&#x64A;&#x634;&#x62A;&#x645;&#x644; &#x639;&#x644;&#x649; &#x625;&#x631;&#x62C;&#x627;&#x639;&#x627;&#x62A; &#x628;&#x628;&#x644;&#x64A;&#x648;&#x62C;&#x631;&#x627;&#x641;&#x64A;&#x629;.</subfield>
  </datafield>
  <datafield tag="520" ind1=" " ind2=" ">
    <subfield code="a">&#x647;&#x630;&#x627; &#x627;&#x644;&#x645;&#x631;&#x62C;&#x639; &#x64A;&#x634;&#x62A;&#x645;&#x644; &#x639;&#x644;&#x649; &#x627;&#x644;&#x622;&#x62A;&#x64A; :
-&#x627;&#x644;&#x625;&#x637;&#x627;&#x631; &#x627;&#x644;&#x642;&#x627;&#x646;&#x648;&#x646;&#x64A; &#x644;&#x644;&#x62A;&#x648;&#x642;&#x64A;&#x639; &#x627;&#x644;&#x625;&#x644;&#x643;&#x62A;&#x631;&#x648;&#x646;&#x64A; - &#x627;&#x644;&#x62A;&#x648;&#x642;&#x64A;&#x639; &#x627;&#x644;&#x62A;&#x642;&#x644;&#x64A;&#x62F;&#x64A; &#x648;&#x627;&#x644;&#x625;&#x644;&#x643;&#x62A;&#x631;&#x648;&#x646;&#x64A; - &#x62A;&#x639;&#x631;&#x64A;&#x641; &#x627;&#x644;&#x62A;&#x648;&#x642;&#x64A;&#x639; &#x627;&#x644;&#x625;&#x644;&#x643;&#x62A;&#x631;&#x648;&#x646;&#x64A; -&#x627;&#x644;&#x62C;&#x648;&#x627;&#x646;&#x628; &#x627;&#x644;&#x62A;&#x642;&#x646;&#x64A;&#x629; &#x644;&#x644;&#x62A;&#x648;&#x642;&#x64A;&#x639; &#x627;&#x644;&#x625;&#x644;&#x643;&#x62A;&#x631;&#x648;&#x646;&#x64A; - &#x635;&#x648;&#x631; &#x627;&#x644;&#x62A;&#x648;&#x642;&#x64A;&#x639; &#x627;&#x644;&#x625;&#x644;&#x643;&#x62A;&#x631;&#x648;&#x646;&#x64A; - &#x627;&#x644;&#x634;&#x631;&#x648;&#x637; &#x627;&#x644;&#x642;&#x627;&#x646;&#x648;&#x646;&#x64A;&#x629; &#x648;&#x627;&#x644;&#x641;&#x646;&#x64A;&#x629; &#x644;&#x644;&#x62A;&#x648;&#x642;&#x64A;&#x639; &#x627;&#x644;&#x625;&#x644;&#x643;&#x62A;&#x631;&#x648;&#x646;&#x64A; - &#x62D;&#x645;&#x627;&#x64A;&#x629; &#x627;&#x644;&#x62A;&#x648;&#x642;&#x64A;&#x639; &#x627;&#x644;&#x625;&#x644;&#x643;&#x62A;&#x631;&#x648;&#x646;&#x64A; &#x628;&#x648;&#x627;&#x633;&#x637;&#x629; &#x627;&#x644;&#x62A;&#x634;&#x641;&#x64A;&#x631; - &#x627;&#x644;&#x645;&#x633;&#x626;&#x648;&#x644;&#x64A;&#x629; &#x627;&#x644;&#x642;&#x627;&#x646;&#x648;&#x646;&#x64A;&#x629; &#x644;&#x62C;&#x647;&#x629; &#x627;&#x644;&#x62A;&#x635;&#x62F;&#x64A;&#x642; &#x627;&#x644;&#x625;&#x644;&#x643;&#x62A;&#x631;&#x648;&#x646;&#x64A; - &#x634;&#x647;&#x627;&#x62F;&#x629; &#x627;&#x644;&#x62A;&#x635;&#x62F;&#x64A;&#x642; &#x627;&#x644;&#x625;&#x644;&#x643;&#x62A;&#x631;&#x648;&#x646;&#x64A; - &#x627;&#x644;&#x62C;&#x631;&#x627;&#x626;&#x645; &#x627;&#x644;&#x648;&#x627;&#x642;&#x639;&#x629; &#x639;&#x644;&#x649; &#x627;&#x644;&#x62A;&#x648;&#x642;&#x64A;&#x639; &#x627;&#x644;&#x625;&#x644;&#x643;&#x62A;&#x631;&#x648;&#x646;&#x64A; - &#x62D;&#x641;&#x638; &#x639;&#x645;&#x644;&#x64A;&#x627;&#x62A; &#x627;&#x644;&#x62A;&#x648;&#x642;&#x64A;&#x639; &#x627;&#x644;&#x625;&#x644;&#x643;&#x62A;&#x631;&#x648;&#x646;&#x64A; - &#x62A;&#x637;&#x628;&#x64A;&#x642;&#x627;&#x62A; &#x627;&#x644;&#x62A;&#x648;&#x642;&#x64A;&#x639; &#x627;&#x644;&#x625;&#x644;&#x643;&#x62A;&#x631;&#x648;&#x646;&#x64A; - &#x627;&#x644;&#x639;&#x642;&#x62F; &#x627;&#x644;&#x625;&#x644;&#x643;&#x62A;&#x631;&#x648;&#x646;&#x64A; - &#x627;&#x644;&#x62D;&#x643;&#x648;&#x645;&#x629; &#x627;&#x644;&#x625;&#x644;&#x643;&#x62A;&#x631;&#x648;&#x646;&#x64A;&#x629; - &#x645;&#x627;&#x647;&#x64A;&#x629; &#x627;&#x644;&#x62D;&#x643;&#x648;&#x645;&#x629; &#x627;&#x644;&#x625;&#x644;&#x643;&#x62A;&#x631;&#x648;&#x646;&#x64A;&#x629; - &#x627;&#x644;&#x62A;&#x634;&#x631;&#x64A;&#x639;&#x627;&#x62A; &#x627;&#x644;&#x623;&#x62C;&#x646;&#x628;&#x64A;&#x629; - &#x627;&#x644;&#x62A;&#x634;&#x631;&#x64A;&#x639;&#x627;&#x62A; &#x627;&#x644;&#x639;&#x631;&#x628;&#x64A;&#x629;.</subfield>
  </datafield>
  <datafield tag="650" ind1=" " ind2="7">
    <subfield code="a">&#x627;&#x644;&#x62A;&#x648;&#x642;&#x64A;&#x639;&#x627;&#x62A; &#x627;&#x644;&#x631;&#x642;&#x645;&#x64A;&#x629;</subfield>
    <subfield code="x">&#x642;&#x648;&#x627;&#x646;&#x64A;&#x646; &#x648;&#x62A;&#x634;&#x631;&#x64A;&#x639;&#x627;&#x62A;.</subfield>
    <subfield code="2">BUEsh</subfield>
    <subfield code="9">41110</subfield>
  </datafield>
  <datafield tag="650" ind1=" " ind2="7">
    <subfield code="a">&#x627;&#x644;&#x639;&#x642;&#x648;&#x62F; &#x627;&#x644;&#x625;&#x644;&#x643;&#x62A;&#x631;&#x648;&#x646;&#x64A;&#x629;</subfield>
    <subfield code="x">&#x642;&#x648;&#x627;&#x646;&#x64A;&#x646; &#x648;&#x62A;&#x634;&#x631;&#x64A;&#x639;&#x627;&#x62A;</subfield>
    <subfield code="2">BUEsh</subfield>
    <subfield code="9">41111</subfield>
  </datafield>
  <datafield tag="650" ind1=" " ind2="7">
    <subfield code="a">&#x627;&#x644;&#x62A;&#x62C;&#x627;&#x631;&#x629; &#x627;&#x644;&#x625;&#x644;&#x643;&#x62A;&#x631;&#x648;&#x646;&#x64A;&#x629;</subfield>
    <subfield code="x">&#x642;&#x648;&#x627;&#x646;&#x64A;&#x646; &#x648;&#x62A;&#x634;&#x631;&#x64A;&#x639;&#x627;&#x62A;</subfield>
    <subfield code="2">BUEsh</subfield>
    <subfield code="9">41112</subfield>
  </datafield>
  <datafield tag="651" ind1=" " ind2=" ">
    <subfield code="2">BUEsh</subfield>
  </datafield>
  <datafield tag="653" ind1=" " ind2=" ">
    <subfield code="b">LLAAWW</subfield>
    <subfield code="c">September2016</subfield>
  </datafield>
  <datafield tag="942" ind1=" " ind2=" ">
    <subfield code="2">ddc</subfield>
  </datafield>
  <datafield tag="999" ind1=" " ind2=" ">
    <subfield code="c">22359</subfield>
    <subfield code="d">22331</subfield>
  </datafield>
  <datafield tag="952" ind1=" " ind2=" ">
    <subfield code="0">0</subfield>
    <subfield code="1">0</subfield>
    <subfield code="2">ddc</subfield>
    <subfield code="4">0</subfield>
    <subfield code="7">0</subfield>
    <subfield code="8">dar elfekr</subfield>
    <subfield code="a">MAIN</subfield>
    <subfield code="b">MAIN</subfield>
    <subfield code="c">1ST</subfield>
    <subfield code="d">2016-09-18</subfield>
    <subfield code="e">Purchase</subfield>
    <subfield code="g">110.00</subfield>
    <subfield code="h">15886</subfield>
    <subfield code="o">343.09944 &#x625; &#x628; &#x631;</subfield>
    <subfield code="p">000033575</subfield>
    <subfield code="r">2025-07-15 00:00:00</subfield>
    <subfield code="s">2024-10-27</subfield>
    <subfield code="v">138.00</subfield>
    <subfield code="y">BB</subfield>
  </datafield>
  <datafield tag="952" ind1=" " ind2=" ">
    <subfield code="0">0</subfield>
    <subfield code="1">0</subfield>
    <subfield code="2">ddc</subfield>
    <subfield code="4">0</subfield>
    <subfield code="7">0</subfield>
    <subfield code="8">dar elfekr</subfield>
    <subfield code="a">MAIN</subfield>
    <subfield code="b">MAIN</subfield>
    <subfield code="c">1ST</subfield>
    <subfield code="d">2016-09-18</subfield>
    <subfield code="e">Purchase</subfield>
    <subfield code="g">110.00</subfield>
    <subfield code="h">15885</subfield>
    <subfield code="o">343.09944 &#x625; &#x628; &#x631;</subfield>
    <subfield code="p">000033576</subfield>
    <subfield code="r">2025-07-15 00:00:00</subfield>
    <subfield code="v">138.00</subfield>
    <subfield code="y">BB</subfield>
  </datafield>
</record>
